Risk management and insurance planning : (Record no. 71908)

MARC details
000 -LEADER
fixed length control field 01034nam a22002897a 4500
005 - DATE AND TIME OF LATEST TRANSACTION
control field 20121206162746.0
008 - FIXED-LENGTH DATA ELEMENTS--GENERAL INFORMATION
fixed length control field 121206t xxu||||| |||| 00| 0 eng d
010 ## - LCCN (DPL NO)
LC control number ENG-106349
020 ## - INTERNATIONAL STANDARD BOOK NUMBER
International Standard Book Number 9781259028267
Terms of availability 475.00
020 ## - INTERNATIONAL STANDARD BOOK NUMBER
International Standard Book Number 1259028267
Terms of availability 475.00
035 ## - SYSTEM CONTROL NUMBER
System control number EN-89882
037 ## - SOURCE OF ACQUISITION
Source of stock number/acquisition DBAD/PUB
040 ## - CATALOGING SOURCE
Original cataloging agency DPL
Language of cataloging Eng
082 ## - DEWEY DECIMAL CLASSIFICATION NUMBER
Classification number 368
100 ## - MAIN ENTRY--PERSONAL NAME
9 (RLIN) 23873
245 ## - TITLE STATEMENT
Title Risk management and insurance planning :
Remainder of title module II /
Statement of responsibility, etc by IMS Proschool
260 ## - PUBLICATION, DISTRIBUTION, ETC. (IMPRINT)
Place of publication, distribution, etc New Delhi
Name of publisher, distributor, etc Tata McGraw Hill
Date of publication, distribution, etc 2012
270 ## - ADDRESS
Address 7 West Patel Nagar
City New Delhi
Postal code 110008
300 ## - PHYSICAL DESCRIPTION
Extent xvi, 392p.
Dimensions 24cm(pbk)
500 ## - GENERAL NOTE
General note Includes bibliographical references
650 ## - SUBJECT ADDED ENTRY--TOPICAL TERM
Topical term or geographic name as entry element Risk management
9 (RLIN) 23874
650 ## - SUBJECT ADDED ENTRY--TOPICAL TERM
Topical term or geographic name as entry element Insurance planning
9 (RLIN) 23875
700 ## - ADDED ENTRY--PERSONAL NAME
9 (RLIN) 23876
942 ## - ADDED ENTRY ELEMENTS (KOHA)
Source of classification or shelving scheme Dewey Decimal Classification
Item type English Books
Call number suffix RIS
Classification part 368
Holdings
Withdrawn status Lost status Source of classification or shelving scheme Damaged status Not for loan Collection code Home library Current library Date acquired Cost, normal purchase price Total Checkouts Full call number Barcode Date last seen Cost, replacement price Koha item type
    Dewey Decimal Classification     Non-fiction D.B.Act.Division D.B.Act.Division 06/12/2012 475.00   368 RIS EN-89882 06/12/2012 475.00 English Books

© Delhi Public Library
Hit Counter
free hit counter